A Cigarra e a Formiga (Registo nº 3911)

Detalhes MARC
000 -Etiqueta do registo
Cabeçalho 00522cam a2200193 i 4500
005 - Identificador da versão
Campo de controlo 20240813122048.0
100 ## - Dados gerais de processamento
Dados gerais de processamento 20101027d1967 c y0pory5003 ba
102 ## - Pais de publicação ou produção
País de publicação Portugal
101 0# - Língua de publicação
Língua do texto, banda sonora, etc. Português
215 ## - Descrição física 
Indicação específica da natureza do documento e extensão da espécie 31, [2] p., [6] f. est. : il., color
200 1# - Titulo e menção de responsabilidade
Título próprio A Cigarra e a Formiga
Primeira menção de responsabilidade Aida Maria Coelho
Outras menções de responsabilidade des. Zé Pedro
225 1# - Colecção 
Título próprio da colecção Capuchinho Vermelho
Indicação de volume 7
210 ## - Publicação, Distribuição, etc. 
Lugar da edição, distribuição, etc. Lisboa
Nome do editor, distribuidor, etc. Editorial Aster
Data da publicação, distribuição, etc. 1967
675 ## - Classificação Decimal Universal (CDU)
Notação 821.134.3-2
700 #1 - Nome de autor-pessoa física (responsabilidade principal)
Número de registo de entrada de autoridade 0000369
Palavra de ordem Coelho
Outra parte do nome não tomada para palavra de ordem Aida Maria
942 ## - Elementos de entrada adicionados (Koha)
Tipo de item no Koha Livro
Exemplares
Situação do levantamento Origin of item (home branch) (coded) Biblioteca de empréstimo Código de barras Cota Circulation type (not for loan) Tipo de documento Nota do exemplar Damaged status
  Biblioteca Escolar das Vendas Biblioteca Escolar das Vendas BEV255 8POR COE   Livro Sem mensagem